| 000 | 01050nam a2200253 a 4500 | ||
|---|---|---|---|
| 001 | 000037771 | ||
| 005 | 20260527074042.0 | ||
| 008 | 130305s2007 dr 000 0 spa d | ||
| 040 |
_aDO-SdBNP _bspa _cBNPHU |
||
| 082 |
_a320.97293 _bG993d |
||
| 100 |
_aGuzman Ramirez, Nelson Antonio _917133 |
||
| 245 | 1 | 0 |
_aDe las elecciones y otros demonios que nos arropan / _cNelson Antonio Guzmán Ramírez ; prólogo Zacarías Payano Almánzar. |
| 260 |
_aSanto Domingo : _bImpresora Soto Castillo, _c2007. |
||
| 300 |
_a151 p. ; _c23 cm. |
||
| 500 | _aIncluye datos biográficos del autor en la contracubierta. | ||
| 504 | _aBibliografía : p. 147-151. | ||
| 590 | _aInventariado, 2018/ YL | ||
| 650 | 4 |
_aElecciones _zRepública Dominicana _92992 |
|
| 650 | 0 |
_aPartidos políticos _zRepública Dominicana _9285 |
|
| 651 | 4 |
_aRepública Dominicana _xPolítica Y Gobierno _y1961- _9204 |
|
| 651 | 4 |
_aRepública Dominicana _xHistoria Constitucional _96486 |
|
| 700 | 1 |
_aPayano Almánzar, Zacarías, _epról. _964219 |
|
| 910 | _aValidado. Control de calidad EMS | ||
| 999 |
_c37261 _d37261 |
||